000
00251nam a2200097Ia 4500
008
231212s1992 xx 000 0 und d
041
_a
eng
100
_a
Taub Herbert
245
_a
Principles of communication System
260
_a
New Delhi
_b
C.B.S.P
_c
1992
999
_c
963166
_d
963166